| 000 | 00922cam a22002655a 4500 | ||
|---|---|---|---|
| 001 | 016829099 | ||
| 003 | OSt | ||
| 005 | 20160118122014.0 | ||
| 008 | 140812s2014 ne a frb 000 0 eng d | ||
| 020 | _a9780127999456 (hbk.) | ||
| 040 |
_aStDuBDS _beng _cStDuBDS _dEG-ScBUE |
||
| 082 | 0 | 4 |
_a658.575 _222 _bPRO |
| 245 | 0 | 0 |
_aProduct development : _ba structured approach to consumer product development, design, and manufacture / _cAnil Mital ... [et al.] |
| 250 | _a2nd ed. | ||
| 260 |
_a[Amsterdam] ; _aOxford ; _aWaltham : _bElsevier, _c2014. |
||
| 300 |
_axvi, 522 p. : _bill. ; _c24 cm |
||
| 500 | _aPrevious edition: Amsterdam: Butterworth-Heinemann, 2008. | ||
| 504 | _aIncludes bibliographical references. | ||
| 650 | 7 |
_aNew products _xManagement. _2BUEsh _98833 |
|
| 650 | 0 |
_aProduct design. _2BUEsh _939073 |
|
| 651 | _2BUEsh | ||
| 653 |
_bENGGEN _cAugust2015 _cJanuary2016 |
||
| 700 | 1 | _aMital, Anil | |
| 942 | _2ddc | ||
| 999 |
_c20452 _d20424 |
||